000 00307nam a22001217a 4500
999 _c66720
_d66717
082 _aR/4CE16
100 _aShuban Ali Mangnejo
_a16CE46
245 _aEffect of Impact Loading Old Neem Tree
260 _aNawabshah
_bQUEST
_c2019
300 _a20
700 _aDepartment of Civil Engineering
942 _cTHESIS